Music Quiz

Random Music or World Quiz

We Are The World Singers Quiz Stats

 Plays Quiz Updated Dec 27, 2018

Support Sporcle.
Go Orange.
Score 0/38 Timer 08:00
5 Plays Today
Artist % Correct
Michael Jackson
98.1%
Stevie Wonder
87.7%
Ray Charles
82.7%
Lionel Richie
81.2%
LaToya Jackson
75.1%
Marlon Jackson
73%
Tina Turner
72.8%
Cyndi Lauper
72.8%
Randy Jackson
69.3%
Tito Jackson
68.7%
Jackie Jackson
67.3%
Kenny Rogers
64.9%
Bette Midler
63.9%
Bruce Springsteen
63.2%
Paul Simon
54.8%
Diana Ross
53.9%
Willie Nelson
48.5%
Daryl Hall
46.9%
Bob Dylan
46.8%
Artist % Correct
John Oates
44.8%
Huey Lewis and the News
41.8%
Billy Joel
41.7%
Kenny Loggins
36.1%
Quincy Jones
31%
Smokey Robinson
30.3%
Harry Belafonte
28.4%
Kim Carnes
27.6%
Steve Perry
25.2%
Dionne Warwick
24.2%
The Pointer Sisters
16.4%
Bob Geldof
13.8%
Dan Aykroyd
12.8%
Sheila E.
12.4%
Al Jarreau
12.4%
James Ingram
11.6%
Lindsey Buckingham
10.1%
Waylon Jennings
(not pictured)
6.8%
Jeffrey Osborne
6.4%

You're not logged in!

Compare scores with friends on all Sporcle quizzes.
OR
Log In
Forgot?

From the Vault

Populous Country Danger Zone

by glowinthedark

Take this quiz or lose me forever!
Remove Ads.
Support Sporcle.
Get the best of Sporcle when you Go Orange. This ad-free experience offers more features, more stats, and more fun while also helping to support Sporcle. Thank you for becoming a member.

Show Comments

Extras

Top Quizzes Today


Score Distribution

Your Account Isn't Verified!

In order to create a playlist on Sporcle, you need to verify the email address you used during registration. Go to your Sporcle Settings to finish the process.

Report this User

Report this user for behavior that violates our Community Guidelines.

Details: